A Data base on agriculture and foodgrains in Bangladesh, 1947-48 to 1989-90 / (Record no. 6403)
[ view plain ]
| 000 -LEADER | |
|---|---|
| fixed length control field | 00824nam a2200241 a 4500 |
| 001 - CONTROL NUMBER | |
| control field | BD-DhSAU 6403 |
| 003 - CONTROL NUMBER IDENTIFIER | |
| control field | BD-DhSAU |
| 005 - DATE AND TIME OF LATEST TRANSACTION | |
| control field | 20150508131402.0 |
| 008 - FIXED-LENGTH DATA ELEMENTS--GENERAL INFORMATION | |
| fixed length control field | 920515s1991 bg b s 000 0 eng |
| 040 ## - CATALOGING SOURCE | |
| Original cataloging agency | BD-DhSAU |
| 043 ## - GEOGRAPHIC AREA CODE | |
| Geographic area code | a-bg--- |
| 082 00 - DEWEY DECIMAL CLASSIFICATION NUMBER | |
| Classification number | 338.17095492 |
| Edition number | 22 |
| Item number | DAT |
| 100 1# - MAIN ENTRY--PERSONAL NAME | |
| Personal name | Hamid, Mohammad Abdul. |
| 245 12 - TITLE STATEMENT | |
| Title | A Data base on agriculture and foodgrains in Bangladesh, 1947-48 to 1989-90 / |
| Statement of responsibility, etc. | Mohammad Abdul Hamid. |
| 260 ## - PUBLICATION, DISTRIBUTION, ETC. (IMPRINT) | |
| Place of publication, distribution, etc. | Dhaka : |
| Name of publisher, distributor, etc. | Ayesha Akhter : |
| -- | Available at Maloney International , |
| Date of publication, distribution, etc. | 1991. |
| 300 ## - PHYSICAL DESCRIPTION | |
| Extent | xxvii, 425 p. : |
| Other physical details | maps ; |
| Dimensions | 30 cm. |
| 500 ## - GENERAL NOTE | |
| General note | Statistical tables. |
| 590 ## - Name of Cataloguer | |
| Name of Cataloger | IMRAN |
| 650 #0 - SUBJECT ADDED ENTRY--TOPICAL TERM | |
| Topical term or geographic name as entry element | Grain |
| Geographic subdivision | Bangladesh |
| General subdivision | Statistics. |
| 650 #0 - SUBJECT ADDED ENTRY--TOPICAL TERM | |
| Topical term or geographic name as entry element | Grain |
| General subdivision | Prices |
| Geographic subdivision | Bangladesh |
| General subdivision | Statistics. |
| 650 #0 - SUBJECT ADDED ENTRY--TOPICAL TERM | |
| Topical term or geographic name as entry element | Grain trade |
| Geographic subdivision | Bangladesh |
| General subdivision | Statistics. |
| 650 #0 - SUBJECT ADDED ENTRY--TOPICAL TERM | |
| Topical term or geographic name as entry element | Food crops |
| Geographic subdivision | Bangladesh |
| General subdivision | Statistics. |
| 942 ## - ADDED ENTRY ELEMENTS (KOHA) | |
| Source of classification or shelving scheme | Dewey Decimal Classification |
| Koha item type | Book |
| Withdrawn status | Lost status | Source of classification or shelving scheme | Damaged status | Not for loan | Home library | Branch Name | Shelving location | Date acquired | Total Checkouts | Full call number | Barcode | Date last seen | Price effective from | Koha item type |
|---|---|---|---|---|---|---|---|---|---|---|---|---|---|---|
| Dewey Decimal Classification | Not For Loan | SAU Library | SAU Library | Reference | 13/06/1993 | 338.17095492 DAT | 23212 | 08/05/2015 | 08/05/2015 | Book |
